000 00529cam a2200205ua 4500
001 10433
005 20260515114625.0
008 190214n ii |||gr||||Z||||||eng
020 _a9789382299462
040 _cMAIN
041 _aeng
082 _a828
245 _aBest of speaking tree
250 _a1st ed./ rep. /
_bV.8.
260 _aNew Delhi:
_bBennett, coleman and co. ltd.,
_c2013.
300 _a176p.
653 _aEnglish miscellaneous writings
653 _aSelections from The times of India 2012
942 _cBK
999 _c9412
_d9412